000 00697nam a22001697a 4500
003 AUA.1
005 20251027141419.0
008 250701b |||||||| |||| 00| 0 eng d
040 _cJTL
100 _aAikins, Patrick Courage
245 _aFactor influencing member participation in tithe and offering :
_bA study in the Berekum West District of the Mid-West Ghana Conference of the Seventh-day Adventist Church /
_cPatrick Courage Aikins.
260 _cc2024.
300 _axi, 104 leaves :
_bIllustration :
_c30cm.
610 _aSeventh-day Adventist Church
_xMid-West Ghana Conference
_xBerekum West District
650 _aChristian giving
942 _2aua
_cPROJECT
_hMDiv
_i.A35 2024
999 _c25128
_d25128